The Petrochemical Industry

में बचाया:
ग्रंथसूची विवरण
निगमित लेखक: Organisation for Economic Co-operation and Development
स्वरूप: पुस्तक
भाषा:Undetermined
प्रकाशित: France Organisation for Economic Co-operation and Development 1979
विषय:
टैग : टैग जोड़ें
कोई टैग नहीं, इस रिकॉर्ड को टैग करने वाले पहले व्यक्ति बनें!
Thư viện lưu trữ: Trung tâm Học liệu Trường Đại học Cần Thơ
LEADER 00646nam a2200193Ia 4500
001 CTU_82605
008 210402s9999 xx 000 0 und d
082 |a 338.4 
082 |b O.68 
110 |a Organisation for Economic Co-operation and Development 
245 4 |a The Petrochemical Industry 
245 0 |c Organisation for Economic Co-operation and Development 
260 |a France 
260 |b Organisation for Economic Co-operation and Development 
260 |c 1979 
650 |a Petroleum chemical industry 
904 |i QHieu(sửa) 
910 |a Sửa Cutter thành O.68 
980 |a Trung tâm Học liệu Trường Đại học Cần Thơ